000 00601nam a2200229Ia 4500
003 OSt
005 20220928115425.0
006 a|||||r|||| 00| 0
007 ta
008 220927b |||||||| |||| 00| 0 eng d
024 _a39803
037 _cTextual
040 _aSDCL
_cSDCL
_beng
041 _2eng
_aeng
082 _aV2,21y7M89, N0
100 _aSaxena A P
_9444221
245 0 _aNehru on administration
260 _aNew Delhi
_bUppal Publishing House
_c1990
300 _axi,188p
_ccm.
942 _hV2,21y7M89, N0
_cTEXL
_2CC
999 _c759333
_d759333